LEADER 01957nam 22005653u 450 001 9910155801503321 005 20250513221130.0 010 $a9783451334313 010 $a3451334313 035 $a(CKB)3790000000019510 035 $a(EBL)2049863 035 $a(OCoLC)909145250 035 $a(MiAaPQ)EBC2049863 035 $a(Au-PeEL)EBL2049863 035 $a(Perlego)2097126 035 $a(EXLCZ)993790000000019510 100 $a20151005d2010|||| u|| | 101 0 $ager 135 $aur|n|---||||| 181 $ctxt$2rdacontent 182 $cc$2rdamedia 183 $acr$2rdacarrier 200 10$aIn diesem Alter noch ein Kind? $eDas Glück der späten Schwangerschaft 205 $a1st ed. 210 $cHerder Verlag$d2010 215 $a1 online resource (278 p.) 300 $aDescription based upon print version of record. 311 08$a9783451061257 311 08$a3451061252 327 $a""A?»Was geschieht eigentlich mit dem Gewebe?A?«"" 330 $aMutter mit 40 - geht das denn? Ja, denn »spa?te« Mu?tter haben ha?ufiger als befu?rchtet unkomplizierte Schwangerschaften und gehen das Kinderkriegen meist entspannter an. Die Autoren, beide erfahrene Frauena?rzte und selbst »spa?te Eltern«, haben beobachtet, wie gut sogenannte Risikoschwangerschaften tatsa?chlich verlaufen und wollen »reifen Eltern« Mut machen. Mit vielen Interviews und Erfahrungsberichten. 517 $aIn diesem Alter noch ein Kind? 606 $aChildren 606 $aMotherhood 606 $aMothers 606 $aParenting 615 4$aChildren. 615 4$aMotherhood. 615 4$aMothers. 615 4$aParenting. 676 $a306.874 676 $a306.8743 700 $aBiermann$b Christine$01371547 801 0$bAU-PeEL 801 1$bAU-PeEL 801 2$bAU-PeEL 906 $aBOOK 912 $a9910155801503321 996 $aIn diesem Alter noch ein Kind$93400810 997 $aUNINA